000 00656nam a2200265Ia 4500
008 210210b1988 xxu||||| |||| 00| 0 eng d
082 _a591.5 ILLU
100 _a-
245 _aILLUSTRATED ENCYCLOPEDIA of wildlife. 52V: V46: Invertebrates.
_bPhylum Molluscs Gastropods
260 _aLondon
_bOrbis Publishing Ltd.,
_c1988
300 _a2701-2760
440 _a46
650 _awildlife.
650 _aV46:
650 _aPhylum
650 _aof
650 _aMolluscs
650 _aInvertebrates.
650 _aILLUSTRATED
650 _aGastropods
650 _aENCYCLOPEDIA
650 _a52V:
690 _aZoology
906 _a055136
999 _c103096
_d103096